000 00330nam a2200133Ia 4500
008 241014s9999||||xx |||||||||||||| ||und||
020 _a1-57444-859-5
060 _aW1 O 2007
100 _aOppenheimer,Snya G
245 0 _aNeural Tube Defects
260 _aNew York
_bInforma Healthcare
_c2007
300 _a280
942 _bION
_cBK
999 _c18846
_d18846